000 00487nam a2200157 4500
001 137012
003 ES-MaACL
005 20230906195304.0
007 t|
008 070214s1951 sp r ||||1| spa d
100 1 _aSalanova, Ramón.
_9101712
245 1 0 _aVía Canfranc
_b: crónicas, comentarios y notas de viaje /
_cRamón Salanova.
260 _aZaragoza :
_b[s. n.],
_c1951 (
_fEl Noticiero)
300 _a181 p., 6 lám. :
_bil. ;
_c17 cm.
852 _aES-MaACL
_jD-8567
_bR.31940
999 _c137012
_d137012